00990nam a2200241Ia 4500001000600000003000900006008004100015040001300056040001300069041001200082100002200094100002900116245004500145245008600190250001100276260001100287260002700298260004900325300005700374500027100431650001500702650003100717B4458IT-RoPAU130308s9999 xx 000 0 und d aIT-RoPAU cIT-RoPAU aINGLESE aMasmoudi Mustapha gCodice Aut. SPICS: 38310 aMedia and the State in Periods of Crisis bMedia, crisis And Democracy-Mass Communication And The Disruption Of Social Order a1a ed. aLONDON bSage Publications B.H. c1992 [1° Ed.:1992 - Ed.Ling.Originale:1992] a"10 p. (prefazione: no ; testo: 10 [pagine: 34-43])" aMedia e Stato Nei Periodi di Crisi. Libertà di Espressione, Democrazia e un certo grado di Sviluppo. posizione e Limiti dell'informazione Giornalistica in Accordo Alla commissione Macbride. Etica dei Media in Periodo di Crisi: Caso della Guerra del Golfo Persiano. aSOCIOLOGIA eCodice materia Spics: 3651